[Event "Campeonato de España Rapid 2017"]
[Site "Linares"]
[Date "2017.08.13"]
[Round "4"]
[White "Arizmendi Martinez, Julen Luis"]
[Black "Anton Guijarro, David"]
[Result "1/2-1/2"]
[Board "1"]
[WhiteTitle "GM"]
[WhiteElo "2586"]
[WhiteCountry "ESP"]
[WhiteFideId "2205092"]
[WhiteEloChange "2"]
[BlackTitle "GM"]
[BlackElo "2715"]
[BlackCountry "ESP"]
[BlackFideId "2285525"]
[BlackEloChange "-2"]

1. e4 {[%clk 0:15:09]} c6 {[%clk 0:15:04]} 2. d4 {[%clk 0:14:53]} d5 {[%clk
0:15:07]} 3. Nd2 {[%clk 0:14:56]} g6 {[%clk 0:14:42]} 4. Ngf3 {[%clk 0:14:38]}
Bg7 {[%clk 0:14:45]} 5. c3 {[%clk 0:14:26]} Nf6 {[%clk 0:14:40]} 6. Bd3 {[%clk
0:14:26]} O-O {[%clk 0:14:27]} 7. O-O {[%clk 0:14:14]} dxe4 {[%clk 0:13:35]} 8.
Nxe4 {[%clk 0:14:17]} Nxe4 {[%clk 0:13:39]} 9. Bxe4 {[%clk 0:14:21]} Nd7 {[%clk
0:13:43]} 10. Re1 {[%clk 0:14:08]} Qc7 {[%clk 0:13:19]} 11. Bc2 {[%clk 0:12:39]}
e6 {[%clk 0:13:20]} 12. Be3 {[%clk 0:12:12]} c5 {[%clk 0:12:44]} 13. Qd2 {[%clk
0:11:06]} cxd4 {[%clk 0:12:11]} 14. cxd4 {[%clk 0:08:32]} Nb6 {[%clk 0:11:41]}
15. Bh6 {[%clk 0:07:59]} f6 {[%clk 0:07:54]} 16. Bb3 {[%clk 0:06:18]} Nd5 {[%clk
0:07:52]} 17. Rac1 {[%clk 0:06:00]} Qd7 {[%clk 0:07:53]} 18. Bxg7 {[%clk
0:05:35]} Kxg7 {[%clk 0:07:42]} 19. Rc2 {[%clk 0:05:02]} Qd6 {[%clk 0:06:45]} 20.
Bxd5 {[%clk 0:04:09]} exd5 {[%clk 0:05:15]} 21. Qe3 {[%clk 0:03:31]} Rf7 {[%clk
0:04:15]} 22. Qe8 {[%clk 0:03:01]} Qf8 {[%clk 0:03:41]} 23. Rc5 {[%clk 0:02:44]}
b6 {[%clk 0:02:00]} 24. Rc3 {[%clk 0:01:11]} Bf5 {[%clk 0:01:31]} 25. Qb5 {[%clk
0:00:57]} Qd6 {[%clk 0:01:08]} 26. h3 {[%clk 0:00:51]} Rd8 {[%clk 0:01:00]} 27.
a3 {[%clk 0:00:48]} Qf4 {[%clk 0:00:50]} 28. Rce3 {[%clk 0:00:43]} Qd6 {[%clk
0:00:45]} 29. Re8 {[%clk 0:00:23]} Rxe8 {[%clk 0:00:37]} 30. Qxe8 {[%clk
0:00:25]} Qc7 {[%clk 0:00:24]} 31. Nd2 {[%clk 0:00:14]} g5 {[%clk 0:00:27]} 32.
Nf1 {[%clk 0:00:14]} Qd7 {[%clk 0:00:17]} 33. Qe3 {[%clk 0:00:10]} Be4 {[%clk
0:00:15]} 34. Ng3 {[%clk 0:00:09]} Bg6 {[%clk 0:00:19]} 35. Re2 {[%clk 0:00:08]}
h5 {[%clk 0:00:18]} 36. Re1 {[%clk 0:00:10]} h4 {[%clk 0:00:20]} 37. Nf1 {[%clk
0:00:15]} Be4 {[%clk 0:00:22]} 38. Nd2 {[%clk 0:00:18]} Bf5 {[%clk 0:00:25]} 39.
Qf3 {[%clk 0:00:18]} Bg6 {[%clk 0:00:22]} 40. Qe3 {[%clk 0:00:22]} Qb5 {[%clk
0:00:23]} 41. Qc3 {[%clk 0:00:23]} Qd7 {[%clk 0:00:23]} 42. Nf1 {[%clk 0:00:21]}
Qc7 {[%clk 0:00:15]} 43. Qd2 {[%clk 0:00:11]} Rd7 {[%clk 0:00:12]} 44. Ne3 {[%clk
0:00:14]} Qd6 {[%clk 0:00:15]} 1/2-1/2

[Event "Campeonato de España Rapid 2017"]
[Site "Linares"]
[Date "2017.08.13"]
[Round "4"]
[White "Dvirnyy, Danyyil"]
[Black "Fedorchuk, Sergey A."]
[Result "0-1"]
[Board "3"]
[WhiteTitle "GM"]
[WhiteElo "2555"]
[WhiteCountry "ITA"]
[WhiteFideId "817570"]
[WhiteEloChange "-3"]
[BlackTitle "GM"]
[BlackElo "2678"]
[BlackCountry "UKR"]
[BlackFideId "14102536"]
[BlackEloChange "3"]

1. d4 {[%clk 0:15:07]} Nf6 {[%clk 0:15:09]} 2. c4 {[%clk 0:15:11]} e6 {[%clk
0:15:13]} 3. Nf3 {[%clk 0:15:15]} Bb4+ {[%clk 0:15:15]} 4. Bd2 {[%clk 0:15:18]}
a5 {[%clk 0:15:18]} 5. g3 {[%clk 0:15:07]} b6 {[%clk 0:15:22]} 6. Bg2 {[%clk
0:15:11]} Bb7 {[%clk 0:15:25]} 7. O-O {[%clk 0:15:13]} O-O {[%clk 0:15:27]} 8.
Bf4 {[%clk 0:15:17]} Be7 {[%clk 0:15:29]} 9. Qc2 {[%clk 0:15:21]} Be4 {[%clk
0:14:56]} 10. Qb3 {[%clk 0:15:25]} a4 {[%clk 0:14:27]} 11. Qd1 {[%clk 0:15:29]}
a3 {[%clk 0:14:05]} 12. b3 {[%clk 0:15:32]} Bb4 {[%clk 0:14:07]} 13. Qc1 {[%clk
0:15:07]} d6 {[%clk 0:12:48]} 14. Nc3 {[%clk 0:14:26]} Bb7 {[%clk 0:12:48]} 15.
Qc2 {[%clk 0:13:59]} h6 {[%clk 0:12:47]} 16. Rad1 {[%clk 0:13:42]} Nbd7 {[%clk
0:12:42]} 17. Bc1 {[%clk 0:13:21]} Ra5 {[%clk 0:12:28]} 18. Ne1 {[%clk 0:12:26]}
Bxg2 {[%clk 0:12:30]} 19. Kxg2 {[%clk 0:12:25]} Qa8+ {[%clk 0:10:13]} 20. f3
{[%clk 0:12:18]} d5 {[%clk 0:10:08]} 21. Nd3 {[%clk 0:12:19]} Be7 {[%clk
0:09:47]} 22. b4 {[%clk 0:11:35]} Ra6 {[%clk 0:08:34]} 23. c5 {[%clk 0:11:39]}
bxc5 {[%clk 0:08:14]} 24. bxc5 {[%clk 0:11:35]} Nb8 {[%clk 0:06:37]} 25. Nb4
{[%clk 0:10:13]} Ra7 {[%clk 0:06:38]} 26. Bf4 {[%clk 0:09:21]} Nc6 {[%clk
0:06:40]} 27. Nxc6 {[%clk 0:09:21]} Qxc6 {[%clk 0:06:43]} 28. Rb1 {[%clk
0:09:25]} Nd7 {[%clk 0:06:33]} 29. e4 {[%clk 0:07:37]} dxe4 {[%clk 0:04:41]} 30.
Qxe4 {[%clk 0:07:15]} Qxe4 {[%clk 0:04:15]} 31. fxe4 {[%clk 0:07:14]} c6 {[%clk
0:04:14]} 32. e5 {[%clk 0:06:05]} f6 {[%clk 0:04:17]} 33. exf6 {[%clk 0:05:48]}
Bxf6 {[%clk 0:04:21]} 34. Bd6 {[%clk 0:05:48]} Re8 {[%clk 0:04:25]} 35. Rb4
{[%clk 0:05:37]} e5 {[%clk 0:03:16]} 36. d5 {[%clk 0:05:11]} Rc8 {[%clk 0:03:10]}
37. dxc6 {[%clk 0:05:02]} Rxc6 {[%clk 0:03:14]} 38. Ne4 {[%clk 0:04:54]} Kf7
{[%clk 0:03:06]} 39. g4 {[%clk 0:03:19]} Ke6 {[%clk 0:03:09]} 40. Kg3 {[%clk
0:03:22]} Be7 {[%clk 0:02:40]} 41. Bxe7 {[%clk 0:03:00]} Kxe7 {[%clk 0:02:44]}
42. Nd6 {[%clk 0:02:21]} Ke6 {[%clk 0:02:48]} 43. Nb7 {[%clk 0:01:56]} Ra8 {[%clk
0:02:16]} 44. Rd1 {[%clk 0:01:39]} Rb8 {[%clk 0:02:18]} 45. Na5 {[%clk 0:01:17]}
Rxc5 {[%clk 0:01:54]} 46. Nb7 {[%clk 0:00:59]} Rc3+ {[%clk 0:01:53]} 47. Kg2
{[%clk 0:00:57]} Rc2+ {[%clk 0:01:58]} 48. Kg3 {[%clk 0:01:02]} Rb2 {[%clk
0:01:53]} 0-1

[Event "Campeonato de España Rapid 2017"]
[Site "Linares"]
[Date "2017.08.13"]
[Round "4"]
[White "Salgado Lopez, Ivan"]
[Black "Del Rio De Angelis, Salvador G."]
[Result "1-0"]
[Board "4"]
[WhiteTitle "GM"]
[WhiteElo "2666"]
[WhiteCountry "ESP"]
[WhiteFideId "2257327"]
[WhiteEloChange "3"]
[BlackTitle "GM"]
[BlackElo "2542"]
[BlackCountry "ESP"]
[BlackFideId "2203138"]
[BlackEloChange "-3"]

1. Nf3 {[%clk 0:15:08]} e6 {[%clk 0:15:09]} 2. b3 {[%clk 0:15:08]} b6 {[%clk
0:15:06]} 3. g3 {[%clk 0:14:51]} Bb7 {[%clk 0:15:06]} 4. Bg2 {[%clk 0:14:54]} f5
{[%clk 0:15:09]} 5. O-O {[%clk 0:14:42]} Nf6 {[%clk 0:15:12]} 6. Bb2 {[%clk
0:14:38]} g6 {[%clk 0:14:46]} 7. d3 {[%clk 0:14:04]} Bg7 {[%clk 0:14:49]} 8. Nbd2
{[%clk 0:14:04]} O-O {[%clk 0:14:40]} 9. Re1 {[%clk 0:14:02]} d6 {[%clk 0:13:47]}
10. c4 {[%clk 0:12:42]} e5 {[%clk 0:13:16]} 11. e3 {[%clk 0:12:09]} Nbd7 {[%clk
0:12:22]} 12. Qc2 {[%clk 0:10:46]} h6 {[%clk 0:12:04]} 13. Nxe5 {[%clk 0:10:18]}
Bxg2 {[%clk 0:12:04]} 14. Nxd7 {[%clk 0:10:20]} Qxd7 {[%clk 0:10:42]} 15. Kxg2
{[%clk 0:10:23]} g5 {[%clk 0:10:42]} 16. f3 {[%clk 0:10:12]} Rae8 {[%clk
0:10:15]} 17. Rad1 {[%clk 0:10:09]} Qc6 {[%clk 0:08:45]} 18. Bxf6 {[%clk
0:10:01]} Bxf6 {[%clk 0:08:46]} 19. d4 {[%clk 0:10:04]} Bg7 {[%clk 0:08:39]} 20.
Qd3 {[%clk 0:10:03]} Qd7 {[%clk 0:08:26]} 21. Re2 {[%clk 0:09:13]} Kh8 {[%clk
0:07:34]} 22. Rde1 {[%clk 0:09:08]} c5 {[%clk 0:07:17]} 23. d5 {[%clk 0:08:04]}
a6 {[%clk 0:07:11]} 24. a4 {[%clk 0:08:01]} b5 {[%clk 0:06:45]} 25. cxb5 {[%clk
0:06:54]} axb5 {[%clk 0:06:48]} 26. Qxb5 {[%clk 0:06:57]} Qxb5 {[%clk 0:06:51]}
27. axb5 {[%clk 0:07:01]} Rb8 {[%clk 0:06:54]} 28. Nc4 {[%clk 0:07:04]} Rxb5
{[%clk 0:06:58]} 29. Nxd6 {[%clk 0:06:49]} Rxb3 {[%clk 0:07:01]} 30. e4 {[%clk
0:06:41]} fxe4 {[%clk 0:06:34]} 31. fxe4 {[%clk 0:06:42]} Rd3 {[%clk 0:05:33]}
32. Rc2 {[%clk 0:06:29]} Bc3 {[%clk 0:05:07]} 33. Ree2 {[%clk 0:05:24]} g4 {[%clk
0:03:43]} 34. Nf5 {[%clk 0:05:23]} h5 {[%clk 0:03:02]} 35. Re3 {[%clk 0:05:08]}
Rxe3 {[%clk 0:02:55]} 36. Nxe3 {[%clk 0:05:11]} Be5 {[%clk 0:02:34]} 37. Nf5
{[%clk 0:04:17]} Ra8 {[%clk 0:01:39]} 38. Rxc5 {[%clk 0:04:04]} Ra2+ {[%clk
0:01:43]} 39. Kf1 {[%clk 0:04:07]} 1-0

[Event "Campeonato de España Rapid 2017"]
[Site "Linares"]
[Date "2017.08.13"]
[Round "4"]
[White "Iturrizaga Bonelli, Eduardo"]
[Black "Forcen Esteban, Daniel"]
[Result "1-0"]
[Board "6"]
[WhiteTitle "GM"]
[WhiteElo "2647"]
[WhiteCountry "VEN"]
[WhiteFideId "3901211"]
[WhiteEloChange "3"]
[BlackTitle "GM"]
[BlackElo "2523"]
[BlackCountry "ESP"]
[BlackFideId "2288230"]
[BlackEloChange "-3"]

1. c4 {[%clk 0:15:10]} Nf6 {[%clk 0:15:07]} 2. Nc3 {[%clk 0:15:12]} g6 {[%clk
0:15:11]} 3. g3 {[%clk 0:15:11]} Bg7 {[%clk 0:15:12]} 4. Bg2 {[%clk 0:15:15]} O-O
{[%clk 0:15:15]} 5. d4 {[%clk 0:15:18]} d6 {[%clk 0:15:17]} 6. e4 {[%clk
0:15:20]} e5 {[%clk 0:14:54]} 7. Nge2 {[%clk 0:15:21]} Nc6 {[%clk 0:14:33]} 8. d5
{[%clk 0:15:25]} Nd4 {[%clk 0:14:37]} 9. Be3 {[%clk 0:15:30]} Ng4 {[%clk
0:13:56]} 10. Bxd4 {[%clk 0:15:06]} exd4 {[%clk 0:13:59]} 11. Nxd4 {[%clk
0:15:07]} f5 {[%clk 0:13:41]} 12. O-O {[%clk 0:12:53]} f4 {[%clk 0:13:45]} 13.
Ne6 {[%clk 0:12:29]} Bxe6 {[%clk 0:13:47]} 14. dxe6 {[%clk 0:12:33]} Bxc3 {[%clk
0:13:34]} 15. Qxg4 {[%clk 0:12:16]} Be5 {[%clk 0:13:00]} 16. Qd1 {[%clk 0:09:11]}
Qf6 {[%clk 0:12:35]} 17. Bh3 {[%clk 0:08:57]} Rae8 {[%clk 0:11:01]} 18. Qb3
{[%clk 0:08:55]} Bxb2 {[%clk 0:10:26]} 19. Rad1 {[%clk 0:08:12]} fxg3 {[%clk
0:09:22]} 20. hxg3 {[%clk 0:07:31]} Bd4 {[%clk 0:08:41]} 21. c5 {[%clk 0:07:19]}
dxc5 {[%clk 0:05:17]} 22. e7+ {[%clk 0:07:07]} Rf7 {[%clk 0:05:21]} 23. Be6
{[%clk 0:06:59]} Rxe7 {[%clk 0:03:57]} 24. Bxf7+ {[%clk 0:07:01]} Rxf7 {[%clk
0:03:52]} 25. Kg2 {[%clk 0:07:02]} c4 {[%clk 0:03:53]} 26. Qa3 {[%clk 0:06:08]}
Qe5 {[%clk 0:02:28]} 27. Rde1 {[%clk 0:06:03]} g5 {[%clk 0:02:32]} 28. Qc1 {[%clk
0:05:51]} b5 {[%clk 0:02:31]} 29. f4 {[%clk 0:05:45]} gxf4 {[%clk 0:02:34]} 30.
Rxf4 {[%clk 0:05:49]} Rxf4 {[%clk 0:02:03]} 31. Qxf4 {[%clk 0:05:36]} b4 {[%clk
0:01:36]} 32. Qg4+ {[%clk 0:05:38]} Qg7 {[%clk 0:01:39]} 33. Qh5 {[%clk 0:04:42]}
Qe5 {[%clk 0:01:04]} 34. Qg4+ {[%clk 0:03:25]} Qg7 {[%clk 0:01:08]} 35. Qe2
{[%clk 0:03:29]} c3 {[%clk 0:00:35]} 36. e5 {[%clk 0:03:21]} Kf8 {[%clk 0:00:07]}
37. e6 {[%clk 0:01:26]} Ke7 {[%clk 0:00:12]} 38. Qb5 {[%clk 0:01:30]} Kd6 {[%clk
0:00:06]} 39. e7 {[%clk 0:01:27]} 1-0

[Event "Campeonato de España Rapid 2017"]
[Site "Linares"]
[Date "2017.08.13"]
[Round "4"]
[White "Larino Nieto, David"]
[Black "Martinez Duany, Lelys Stanley"]
[Result "1-0"]
[Board "7"]
[WhiteTitle "GM"]
[WhiteElo "2509"]
[WhiteCountry "ESP"]
[WhiteFideId "2256444"]
[WhiteEloChange "6"]
[BlackTitle "GM"]
[BlackElo "2615"]
[BlackCountry "CUB"]
[BlackFideId "3504727"]
[BlackEloChange "-6"]

1. b3 {[%clk 0:15:07]} d5 {[%clk 0:15:04]} 2. Bb2 {[%clk 0:15:09]} c5 {[%clk
0:15:08]} 3. e3 {[%clk 0:14:50]} a6 {[%clk 0:15:10]} 4. Nf3 {[%clk 0:14:48]} Nc6
{[%clk 0:15:13]} 5. d4 {[%clk 0:14:50]} cxd4 {[%clk 0:15:08]} 6. Nxd4 {[%clk
0:14:49]} Nf6 {[%clk 0:15:04]} 7. Be2 {[%clk 0:14:35]} Qa5+ {[%clk 0:14:56]} 8.
Qd2 {[%clk 0:14:00]} Qc7 {[%clk 0:14:21]} 9. O-O {[%clk 0:13:36]} e6 {[%clk
0:13:38]} 10. c4 {[%clk 0:13:11]} Bd6 {[%clk 0:13:27]} 11. h3 {[%clk 0:11:37]}
Ne4 {[%clk 0:13:19]} 12. Qc1 {[%clk 0:10:56]} O-O {[%clk 0:13:12]} 13. Nd2 {[%clk
0:10:35]} Nxd2 {[%clk 0:11:56]} 14. Qxd2 {[%clk 0:10:37]} dxc4 {[%clk 0:11:21]}
15. Nxc6 {[%clk 0:09:47]} Qxc6 {[%clk 0:11:10]} 16. Rfd1 {[%clk 0:09:39]} Be7
{[%clk 0:10:51]} 17. Rac1 {[%clk 0:09:25]} e5 {[%clk 0:07:17]} 18. Rxc4 {[%clk
0:09:21]} Qg6 {[%clk 0:07:19]} 19. Bd3 {[%clk 0:07:38]} Qh5 {[%clk 0:06:42]} 20.
Rc7 {[%clk 0:06:59]} Bf6 {[%clk 0:05:58]} 21. Qe2 {[%clk 0:05:12]} Qg5 {[%clk
0:04:53]} 22. Qf3 {[%clk 0:05:03]} Be6 {[%clk 0:04:33]} 23. Be4 {[%clk 0:03:58]}
Rad8 {[%clk 0:04:28]} 24. Rxd8 {[%clk 0:03:53]} Rxd8 {[%clk 0:04:32]} 25. Rxb7
{[%clk 0:03:53]} h5 {[%clk 0:04:25]} 26. Ra7 {[%clk 0:03:36]} g6 {[%clk 0:03:45]}
27. Ra8 {[%clk 0:03:13]} Rxa8 {[%clk 0:03:18]} 28. Bxa8 {[%clk 0:03:16]} Bg7
{[%clk 0:03:06]} 29. Be4 {[%clk 0:02:38]} Qd8 {[%clk 0:03:02]} 30. Qe2 {[%clk
0:02:36]} Qa5 {[%clk 0:03:00]} 31. Bc1 {[%clk 0:02:24]} Qb4 {[%clk 0:02:50]} 32.
Bd3 {[%clk 0:02:12]} a5 {[%clk 0:02:50]} 33. Qd2 {[%clk 0:01:42]} Qb6 {[%clk
0:02:37]} 34. Bb2 {[%clk 0:01:34]} Qd6 {[%clk 0:01:25]} 35. Qc3 {[%clk 0:01:26]}
h4 {[%clk 0:01:21]} 36. Be2 {[%clk 0:01:27]} Qb6 {[%clk 0:01:10]} 37. Bc4 {[%clk
0:01:30]} Bxc4 {[%clk 0:01:08]} 38. bxc4 {[%clk 0:01:31]} Qc5 {[%clk 0:01:01]}
39. a4 {[%clk 0:01:33]} Qc6 {[%clk 0:01:03]} 40. c5 {[%clk 0:01:31]} Bf6 {[%clk
0:00:36]} 41. Qxa5 {[%clk 0:01:23]} Qd5 {[%clk 0:00:39]} 42. Qc3 {[%clk 0:01:14]}
Qc6 {[%clk 0:00:18]} 43. a5 {[%clk 0:01:17]} Bg7 {[%clk 0:00:20]} 44. Qc4 {[%clk
0:01:12]} g5 {[%clk 0:00:23]} 45. a6 {[%clk 0:01:14]} Bf8 {[%clk 0:00:25]} 46.
Bxe5 {[%clk 0:01:10]} Qe8 {[%clk 0:00:19]} 47. a7 {[%clk 0:01:01]} Qc8 {[%clk
0:00:15]} 48. Qe4 {[%clk 0:00:49]} 1-0

[Event "Campeonato de España Rapid 2017"]
[Site "Linares"]
[Date "2017.08.13"]
[Round "4"]
[White "Vazquez Igarza, Renier"]
[Black "Oliva Castaneda, Kevel"]
[Result "1-0"]
[Board "8"]
[WhiteTitle "GM"]
[WhiteElo "2602"]
[WhiteCountry "ESP"]
[WhiteFideId "3503054"]
[WhiteEloChange "4"]
[BlackTitle "IM"]
[BlackElo "2516"]
[BlackCountry "CUB"]
[BlackFideId "3500799"]
[BlackEloChange "-4"]

1. Nf3 {[%clk 0:15:08]} c5 {[%clk 0:15:09]} 2. c4 {[%clk 0:15:11]} Nc6 {[%clk
0:15:12]} 3. Nc3 {[%clk 0:15:14]} g6 {[%clk 0:15:16]} 4. e3 {[%clk 0:15:08]} Bg7
{[%clk 0:15:17]} 5. d4 {[%clk 0:15:10]} d6 {[%clk 0:15:21]} 6. Be2 {[%clk
0:15:08]} Nf6 {[%clk 0:15:06]} 7. d5 {[%clk 0:15:08]} Na5 {[%clk 0:15:11]} 8. O-O
{[%clk 0:15:00]} O-O {[%clk 0:15:13]} 9. Bd2 {[%clk 0:14:25]} Bg4 {[%clk
0:14:34]} 10. b3 {[%clk 0:14:18]} a6 {[%clk 0:14:33]} 11. h3 {[%clk 0:13:36]} Bd7
{[%clk 0:13:47]} 12. e4 {[%clk 0:12:30]} b5 {[%clk 0:13:39]} 13. Bd3 {[%clk
0:12:14]} bxc4 {[%clk 0:12:23]} 14. bxc4 {[%clk 0:12:17]} e5 {[%clk 0:12:26]} 15.
Rb1 {[%clk 0:12:07]} Qc7 {[%clk 0:12:28]} 16. Ne2 {[%clk 0:11:09]} Rfb8 {[%clk
0:11:53]} 17. Rxb8+ {[%clk 0:10:25]} Rxb8 {[%clk 0:11:57]} 18. Qe1 {[%clk
0:10:28]} Nb7 {[%clk 0:11:52]} 19. Ng3 {[%clk 0:10:29]} a5 {[%clk 0:10:11]} 20.
Qc1 {[%clk 0:10:23]} a4 {[%clk 0:10:13]} 21. Bc3 {[%clk 0:10:12]} Be8 {[%clk
0:09:24]} 22. Nh2 {[%clk 0:09:23]} Qe7 {[%clk 0:08:56]} 23. f4 {[%clk 0:08:51]}
exf4 {[%clk 0:08:39]} 24. Rxf4 {[%clk 0:08:03]} Bh6 {[%clk 0:07:18]} 25. Qf1
{[%clk 0:08:01]} Bxf4 {[%clk 0:07:15]} 26. Qxf4 {[%clk 0:08:04]} Nd7 {[%clk
0:07:18]} 27. Ng4 {[%clk 0:08:06]} f6 {[%clk 0:07:21]} 28. Nxf6+ {[%clk 0:07:31]}
Nxf6 {[%clk 0:07:25]} 29. Bxf6 {[%clk 0:07:35]} Qf8 {[%clk 0:06:49]} 30. e5
{[%clk 0:06:56]} dxe5 {[%clk 0:06:38]} 31. Qxe5 {[%clk 0:06:59]} Qd6 {[%clk
0:06:30]} 32. Ne4 {[%clk 0:06:03]} Qxe5 {[%clk 0:06:18]} 33. Bxe5 {[%clk
0:06:07]} Rc8 {[%clk 0:06:07]} 34. Nf6+ {[%clk 0:06:09]} Kf7 {[%clk 0:06:03]} 35.
Nxh7 {[%clk 0:06:12]} Ke7 {[%clk 0:05:52]} 36. Nf6 {[%clk 0:05:08]} Bf7 {[%clk
0:03:21]} 37. Ne4 {[%clk 0:05:02]} a3 {[%clk 0:03:16]} 38. Kf2 {[%clk 0:05:01]}
Ra8 {[%clk 0:02:58]} 39. Ke3 {[%clk 0:04:45]} Ra4 {[%clk 0:02:57]} 40. Kd2 {[%clk
0:04:32]} Be8 {[%clk 0:01:44]} 41. h4 {[%clk 0:04:17]} Rb4 {[%clk 0:01:21]} 42.
g4 {[%clk 0:04:08]} Na5 {[%clk 0:01:15]} 43. Bf6+ {[%clk 0:02:35]} Kf7 {[%clk
0:00:42]} 44. Bc3 {[%clk 0:02:22]} Ra4 {[%clk 0:00:30]} 45. Nd6+ {[%clk 0:01:56]}
Ke7 {[%clk 0:00:28]} 46. Nc8+ {[%clk 0:01:15]} Kd8 {[%clk 0:00:08]} 47. Nb6
{[%clk 0:01:18]} Nb3+ {[%clk 0:00:12]} 48. axb3 {[%clk 0:01:08]} Ra6 {[%clk
0:00:16]} 49. Na4 {[%clk 0:00:55]} Bxa4 {[%clk 0:00:20]} 50. bxa4 {[%clk
0:00:59]} Rxa4 {[%clk 0:00:22]} 51. h5 {[%clk 0:00:46]} gxh5 {[%clk 0:00:26]} 52.
gxh5 {[%clk 0:00:51]} a2 {[%clk 0:00:26]} 53. Ba1 {[%clk 0:00:55]} Ra6 {[%clk
0:00:23]} 54. Bc2 {[%clk 0:00:33]} Rb6 {[%clk 0:00:27]} 55. Kc1 {[%clk 0:00:33]}
Ke7 {[%clk 0:00:29]} 56. Bg6 {[%clk 0:00:12]} Rb4 {[%clk 0:00:33]} 57. h6 {[%clk
0:00:14]} Rxc4+ {[%clk 0:00:35]} 58. Kb2 {[%clk 0:00:10]} Rh4 {[%clk 0:00:23]}
59. h7 {[%clk 0:00:13]} Rh2+ {[%clk 0:00:22]} 60. Kb3 {[%clk 0:00:16]} Kd6 {[%clk
0:00:23]} 61. Be4 {[%clk 0:00:14]} c4+ {[%clk 0:00:23]} 62. Kxc4 {[%clk 0:00:16]}
1-0

[Event "Campeonato de España Rapid 2017"]
[Site "Linares"]
[Date "2017.08.13"]
[Round "4"]
[White "Moreno Ruiz, Javier"]
[Black "Volkov, Sergey"]
[Result "0-1"]
[Board "9"]
[WhiteTitle "IM"]
[WhiteElo "2471"]
[WhiteCountry "ESP"]
[WhiteFideId "2203146"]
[WhiteEloChange "-3"]
[BlackTitle "GM"]
[BlackElo "2592"]
[BlackCountry "RUS"]
[BlackFideId "4122763"]
[BlackEloChange "3"]

1. d4 {[%clk 0:15:08]} d5 {[%clk 0:15:08]} 2. c4 {[%clk 0:15:12]} c6 {[%clk
0:15:12]} 3. cxd5 {[%clk 0:15:15]} cxd5 {[%clk 0:15:15]} 4. Bf4 {[%clk 0:15:19]}
Nc6 {[%clk 0:15:09]} 5. e3 {[%clk 0:15:22]} Nf6 {[%clk 0:15:11]} 6. Nc3 {[%clk
0:15:26]} a6 {[%clk 0:15:14]} 7. Be2 {[%clk 0:15:28]} Bf5 {[%clk 0:14:39]} 8. Nf3
{[%clk 0:15:30]} e6 {[%clk 0:14:39]} 9. Qb3 {[%clk 0:15:32]} Bd6 {[%clk 0:14:26]}
10. Bxd6 {[%clk 0:15:19]} Qxd6 {[%clk 0:14:29]} 11. Qxb7 {[%clk 0:15:21]} O-O
{[%clk 0:14:27]} 12. Qb3 {[%clk 0:15:22]} Nb4 {[%clk 0:13:28]} 13. O-O {[%clk
0:14:47]} Nc2 {[%clk 0:12:55]} 14. Rac1 {[%clk 0:14:35]} Rfb8 {[%clk 0:12:56]}
15. Qa4 {[%clk 0:14:29]} Rb4 {[%clk 0:12:55]} 16. Qa5 {[%clk 0:14:25]} Rxb2
{[%clk 0:12:57]} 17. Nh4 {[%clk 0:13:02]} Be4 {[%clk 0:10:45]} 18. f3 {[%clk
0:10:48]} Bg6 {[%clk 0:09:10]} 19. Nxg6 {[%clk 0:09:50]} hxg6 {[%clk 0:09:12]}
20. Rb1 {[%clk 0:03:55]} Rxb1 {[%clk 0:08:52]} 21. Rxb1 {[%clk 0:03:59]} Nxe3
{[%clk 0:08:49]} 22. Nb5 {[%clk 0:02:56]} Qb8 {[%clk 0:08:03]} 23. Nc3 {[%clk
0:01:29]} Qf4 {[%clk 0:07:40]} 24. Qc5 {[%clk 0:00:53]} Nf5 {[%clk 0:07:23]} 25.
Rd1 {[%clk 0:00:43]} Nd6 {[%clk 0:05:44]} 26. Kh1 {[%clk 0:00:21]} Rc8 {[%clk
0:05:37]} 27. Qb4 {[%clk 0:00:15]} Nc4 {[%clk 0:05:06]} 28. Bd3 {[%clk 0:00:06]}
Qxd4 {[%clk 0:04:29]} 29. Bxg6 {[%clk 0:00:06]} 0-1

[Event "Campeonato de España Rapid 2017"]
[Site "Linares"]
[Date "2017.08.13"]
[Round "4"]
[White "Narciso Dublan, Marc"]
[Black "Granda Zuniga, Julio E"]
[Result "1-0"]
[Board "10"]
[WhiteTitle "GM"]
[WhiteElo "2516"]
[WhiteCountry "ESP"]
[WhiteFideId "2201500"]
[WhiteEloChange "7"]
[BlackTitle "GM"]
[BlackElo "2644"]
[BlackCountry "PER"]
[BlackFideId "3800024"]
[BlackEloChange "-7"]

1. d4 {[%clk 0:15:09]} Nf6 {[%clk 0:15:08]} 2. c4 {[%clk 0:15:13]} e6 {[%clk
0:15:12]} 3. Nc3 {[%clk 0:15:16]} Bb4 {[%clk 0:15:15]} 4. f3 {[%clk 0:15:20]} c5
{[%clk 0:15:07]} 5. d5 {[%clk 0:15:24]} exd5 {[%clk 0:14:54]} 6. cxd5 {[%clk
0:15:27]} d6 {[%clk 0:14:49]} 7. e4 {[%clk 0:15:30]} O-O {[%clk 0:14:52]} 8. Ne2
{[%clk 0:15:25]} b5 {[%clk 0:13:49]} 9. Ng3 {[%clk 0:15:17]} a6 {[%clk 0:13:52]}
10. a4 {[%clk 0:14:28]} bxa4 {[%clk 0:13:51]} 11. Qxa4 {[%clk 0:14:32]} Nbd7
{[%clk 0:11:08]} 12. Be2 {[%clk 0:14:21]} Ne5 {[%clk 0:10:02]} 13. O-O {[%clk
0:14:09]} Nfd7 {[%clk 0:08:34]} 14. f4 {[%clk 0:12:33]} Ng6 {[%clk 0:07:27]} 15.
Qc2 {[%clk 0:10:21]} Re8 {[%clk 0:06:50]} 16. Nd1 {[%clk 0:08:50]} Nf6 {[%clk
0:04:28]} 17. Ne3 {[%clk 0:08:42]} Qe7 {[%clk 0:03:29]} 18. Bb5 {[%clk 0:07:47]}
Bd7 {[%clk 0:03:22]} 19. Bxd7 {[%clk 0:07:49]} Qxd7 {[%clk 0:03:24]} 20. Nc4
{[%clk 0:07:53]} Qd8 {[%clk 0:02:32]} 21. b3 {[%clk 0:07:19]} h5 {[%clk 0:01:59]}
22. Bb2 {[%clk 0:07:11]} h4 {[%clk 0:02:03]} 23. Nf5 {[%clk 0:07:15]} Rxe4 {[%clk
0:01:58]} 24. Bxf6 {[%clk 0:02:24]} Rxc4 {[%clk 0:02:01]} 25. Qxc4 {[%clk
0:02:25]} Qxf6 {[%clk 0:02:04]} 26. Qe4 {[%clk 0:02:29]} Kf8 {[%clk 0:01:47]} 27.
Ra2 {[%clk 0:02:25]} Re8 {[%clk 0:01:46]} 28. Qd3 {[%clk 0:02:30]} a5 {[%clk
0:01:35]} 29. g4 {[%clk 0:01:49]} Ne7 {[%clk 0:00:44]} 30. Nxe7 {[%clk 0:00:32]}
Rxe7 {[%clk 0:00:44]} 31. Kg2 {[%clk 0:00:25]} Qd4 {[%clk 0:00:36]} 32. Qxd4
{[%clk 0:00:14]} cxd4 {[%clk 0:00:40]} 33. Rd1 {[%clk 0:00:15]} Re4 {[%clk
0:00:38]} 34. Kh3 {[%clk 0:00:10]} Rxf4 {[%clk 0:00:36]} 35. Kxh4 {[%clk
0:00:14]} Re4 {[%clk 0:00:27]} 36. Kg3 {[%clk 0:00:14]} g6 {[%clk 0:00:16]} 37.
Rd3 {[%clk 0:00:14]} Bc3 {[%clk 0:00:16]} 38. Ra4 {[%clk 0:00:09]} Kg7 {[%clk
0:00:17]} 39. Rxc3 {[%clk 0:00:12]} 1-0